| 000 | 02077nam a22003137a 4500 | ||
|---|---|---|---|
| 001 | 8638 | ||
| 003 | FISKH | ||
| 005 | 20251007115744.0 | ||
| 008 | 251007b cb ||||| |||| 00| 0 eng d | ||
| 020 | _a9789995001070 | ||
| 040 |
_aFISKH _bkhr _cFISKH _dFISKH |
||
| 050 | _aPZ7 | ||
| 082 | _a895 | ||
| 100 | _aSotheary, Kimsun | ||
| 245 |
_aសត្វឆ្កែដ៏រំខាន : _bDisturbing dog / _cអ្នកស្រី គឹមស៊ុន សុធារី , ពិនិត្យអក្ខរាវិរុទ្ធដោយ លោក ធី ចាន់ថន , លោក សេង ចំរើន និង កញ្ញា វ៉ាត ចរិយា |
||
| 260 |
_aPhnom Penh : _bReading Books, _c2010. |
||
| 300 |
_a16 pages : _bcolor illustrations ; _c25 cm . |
||
| 490 | _aពិភពរឿងនិទាន | ||
| 505 | _aJ | ||
| 520 | _aរឿងនេះចង់អប់រំអោយប្អូនៗចេះរក្សាភាពស្ងៀមស្ងាត់ មិនត្រូវបង្កសំលេង នាំអោយរំខានដល់អ្នកជិតខាងនៅពេលដែលគេកំពុងធ្វើការឬកំពុងសម្រាក ។ ជាងនេះទៅទៀតចង់អោយប្អូនៗកុមារចេះស្រលាញ់រាប់អានគ្នា និងគោរពសិទ្ធគ្នាទៅវិញទៅមក ។ | ||
| 520 | _aThis story is aimed at educating the children to do things quietly and avoid making noise that is vexing to to other persons either during working or at rest time. The story also teaches children to make more friends and respect the rights of others . | ||
| 521 | 8 |
_a500
_bLexile estimate |
|
| 521 | 8 |
_aJ
_bRaz-Plus |
|
| 650 |
_aសត្វឆ្កែដ៏រំខាន _vរឿងនិទានកុមារ |
||
| 650 |
_aDistrubing dog _vChildren's Stories |
||
| 700 |
_aU , Mai _eIllustrator |
||
| 942 |
_2ddc _cKHB _n0 |
||
| 999 |
_c8638 _d8638 |
||